Integracja w systemach informatycznych rachunkowosci

Enregistré dans:
Détails bibliographiques
Auteur principal: Ochman, Jacek
Format: Livre
Langue:polonais
Publié: Wroclaw Akademia Ekon. im. Oskara Langego 1986
Édition:1. wyd.
Collection:Prace naukowe Nr.334
Tags: Ajouter un tag
Pas de tags, Soyez le premier à ajouter un tag!

MARC

LEADER 00000nam a2200000 4500
001 c030425
005 20221220071703.5
041 0 |a pol 
044 |a PL 
245 1 0 |a Integracja w systemach informatycznych rachunkowosci  |c Jacek Ochman 
250 |a 1. wyd. 
264 1 |a Wroclaw  |b Akademia Ekon. im. Oskara Langego  |c 1986 
300 |a 144 s. 
490 1 |a Prace naukowe  |v Nr.334 
830 0 |a Prace naukowe  |v Nr.334 
100 1 |a Ochman, Jacek